Dopady zmien minimálnej mzdy na ekonomické subjekty v Slovenskej republike
Skúmanie dopadov zmien minimálnej mzdy na ekonomické subjekty v Slovenskej republike. Analýza zmien disponibilného príjmu (príjmu po zdanení) po zvýšení minimálnej mzdy v porovnaní s disponibilným príjmom z nižšej minimálnej mzdy. Pri určovaní vplyvu dopadov zmien minimálnej mzdy na podnikateľské su...
Na minha lista:
| Autor principal: | |
|---|---|
| Outros Autores: | , |
| Formato: | Capítulo de Livro |
| Idioma: | eslovaco |
| Assuntos: | |
| Tags: |
Sem tags, seja o primeiro a adicionar uma tag!
|
MARC
| LEADER | 00000naa$a2200000$$$4500 | ||
|---|---|---|---|
| 001 | 0050849 | ||
| 005 | 20240502083133.9 | ||
| 041 | 0 | |a slo | |
| 044 | |a CZ | ||
| 245 | 1 | 0 | |a Dopady zmien minimálnej mzdy na ekonomické subjekty v Slovenskej republike |c Jana Simonidesová, Maroš Čunta, Marek Andrejkovič |
| 520 | |a Skúmanie dopadov zmien minimálnej mzdy na ekonomické subjekty v Slovenskej republike. Analýza zmien disponibilného príjmu (príjmu po zdanení) po zvýšení minimálnej mzdy v porovnaní s disponibilným príjmom z nižšej minimálnej mzdy. Pri určovaní vplyvu dopadov zmien minimálnej mzdy na podnikateľské subjekty boli využité vlastné metodické postupy, ktoré sú odvodené pomocou všeobecne platných vzorcov. | ||
| 610 | 2 | 0 | |a podnik |
| 610 | 2 | 0 | |a Slovensko |
| 610 | 2 | 0 | |a mzdy minimálne |
| 610 | 2 | 0 | |a obyvateľstvo |
| 610 | 2 | 0 | |a osoby právnické |
| 610 | 2 | 0 | |a rozpočet štátny |
| 610 | 2 | 0 | |a príjmy obyvateľstva |
| 610 | 2 | 0 | |a metóda Monte Carlo |
| 610 | 2 | 0 | |a náklady mzdové |
| 100 | 1 | |a Simonidesová, Jana, 1968- | |
| 700 | 1 | |a Čunta, Maroš | |
| 700 | 1 | |a Andrejkovič, Marek | |